000 00920nam a22002897a 4500
001 BR9401930
003 BR-BrBNA
005 20230928093923.0
007 ta
008 230509b bl.||||| |||| 00| 0 por d
040 _aBR-BrBNA
_bpor
_cBiblioteca Nacional de Agricultura
041 _a(Por)
072 _aL73
_b5212
_b4110
090 _ 5212 BR9401930
100 1 _aLage, A.P.
110 1 _aUniversidade Federal de Minas Gerais, Belo Horizonte (Brasil). Escola de Veterinaria
_0Tese (Mestrado)
245 1 _aEstudo das especies termotolerantes de Campylobacter isoladas de bezerros com e sem diarreia
260 3 _aBelo Horizonte, MG (Brasil):
_c1992.
300 _a48 p.
500 _aBibliography p. 39-48 (119 ref.); Summaries (Eng, Por)
650 _aBezerro
650 _aDoenca Animal
650 _aBacteria
650 _aCampilobacteriose
909 _a202309
_bLucia
_c55
_dLucia Elande
942 _cBK
999 _c47908
_d47908